Budgeting Profit Planning and Control

Na minha lista:
Detalhes bibliográficos
Autor principal: Welsch, Glenn A.
Outros Autores: Hilton, Ronald W., Gordon, Paul N.
Formato: Livro
Idioma:inglês
Publicado em: Englewood Cliffs Prentice-Hall 1988
Edição:5. ed.
Tags: Adicionar Tag
Sem tags, seja o primeiro a adicionar uma tag!

MARC

LEADER 00000nam a2200000 4500
001 c022526
005 20221219115523.5
041 0 |a eng 
044 |a US 
245 1 0 |a Budgeting  |b Profit Planning and Control  |c Glenn A. Welsch, Ronald W. Hilton, Paul N. Gordon 
250 |a 5. ed. 
264 1 |a Englewood Cliffs  |b Prentice-Hall  |c 1988 
300 |a 661 s. 
100 1 |a Welsch, Glenn A. 
700 1 |a Hilton, Ronald W. 
700 1 |a Gordon, Paul N.